000 00601nam a22001697a 4500
003 OSt
005 20171010095455.0
008 120703t xxu||||| |||| 00| 0 eng d
040 _aMMSU
_cULS
100 _aRamos, Anthony R.
_910970
245 _aEffectiveness of consumer-controlled advertising towards motorcycle consumers in Ilocos Norte
_cAnthony R. Ramos
260 _c2008
300 _ax, 52 leaves
_c28 cm.
500 _aThesis (AB English Studies) -- Mariano Marcos State University-College of Arts and Sciences, Batac City
504 _aBibliography: 44-45 leaves
942 _2ddc
_cTHEDIS
999 _c9617
_d9617